000
00244nam a2200097Ia 4500
001
642438
005
20250826153526.0
008
250824s9999 xx 000 0 und d
245
0
_a
Yurdumu Özledim
_c
Gülten Dayıoğlu
260
_b
Altın Kitaplar
999
_c
642438
_d
642438